დედა ენა. ნაწ. 1 : ქართული ანბანი პატარა მოთხრობებით და ლექსებით, აღწერებით და დედნით. ყველა სარწმუნოების ქართველთათვის / (ბიბ.ჩანაწერი № 53394)
[ მარტივი ფორმატი ]
| 000 -ლიდერი | |
|---|---|
| ფიქსირებული სიგრძის საკონტროლო ველი | 01232nam a2200229Ia 4500 |
| 001 - საკონტროლო ნომერი | |
| საკონტროლო ველი | 20437 |
| 003 - საკონტროლო ნომრის იდენტიფიკატორი | |
| საკონტროლო ველი | GE_BSU |
| 005 - ბოლო ოპერაციის თარიღი და დრო | |
| საკონტროლო ველი | 20201202202029.0 |
| 008 - ფიქსირებული სიგრძის მონაცემთა ელემენტები - ზოგადი ინფორმაცია | |
| ფიქსირებული სიგრძის საკონტროლო ველი | 181216s1912||||ge |||||||||||||| ||geo|| |
| 040 ## - კატალოგიზაციის წყარო | |
| Transcribing agency | GE_BSU |
| 041 ## - ენის კოდი | |
| Language code of text/sound track or separate title | geo |
| 100 ## - მთავარი ჩანაწერი - პიროვნების სახელი | |
| Personal name | გოგებაშვილი, იაკობ (1840-1912) |
| 9 (RLIN) | 9815 |
| 245 ## - ცნობა სათაურის შესახებ | |
| Title | დედა ენა. ნაწ. 1 : ქართული ანბანი პატარა მოთხრობებით და ლექსებით, აღწერებით და დედნით. ყველა სარწმუნოების ქართველთათვის / |
| Statement of responsibility, etc | შედგენილი იაკობ გოგებაშვილის მიერ. |
| 250 ## - გამოცემის ცნობა | |
| Edition statement | 33-ე გამოცემა |
| 264 ## - წარმოების, გამოცემის, დისტრიბუციის და სხვა ცნობები | |
| გამოცემის, წარმოების, დისტრიბუციის... ადგილი | თბილისი : |
| გამოცემის, წარმოების, დისტრიბუციის... სახელწოდება | ს. ლოსაბერიძის სტ., |
| გამოცემის, წარმოების, დისტრიბუციის... თარიღი | 1912. |
| 300 ## - ფიზიკური აღწერა | |
| Extent | 48 გვ. : |
| Other physical details | ილ. ; |
| Dimensions | 20 სმ. |
| 490 ## - სერიის ცნობა | |
| Series statement | წერა-კითხვის საზოგადოების გამოცემა |
| 520 ## - SUMMARY, ETC. | |
| Summary, etc | მრავალი სურათით და დედნით. |
| 653 ## - INDEX TERM--UNCONTROLLED | |
| Uncontrolled term | დედა ენა. ნაწ. 1 |
| 942 ## - ADDED ENTRY ELEMENTS (KOHA) | |
| Koha item type | წიგნი |
| Source of classification or shelving scheme | |
| ჩამოწერის სტატუსი | დაკარგული ეგზემპლარის სტატუსი | კლასიფიკაციის წყარო ან თაროზე გაწყობის სქემა | დაზიანების სტატუსი | არ გაიცემა | მუდმივი მდებარეობა (დაცვის ადგილი) | ამჟამინდელი ადგილსამყოფელი | თაროზე განთავსების ადგილი | შეძენის თარიღი | ღირებულება, შესყიდვის ნორმალური ფასი | შტრიხკოდი | ბოლო ოპერაციის თარიღი | ეგზემპლარის მიმდევრობითი ნომერი (კეტერი?) | ფასის ძალაში შესვლის თარიღი | ეგზემპლარის სახეობა | საჯარო შენიშვნა |
|---|---|---|---|---|---|---|---|---|---|---|---|---|---|---|---|
| ბათუმის შოთა რუსთაველის სახელმწიფო უნივერსიტეტის მთავარი ბიბლიოთეკა | ბათუმის შოთა რუსთაველის სახელმწიფო უნივერსიტეტის მთავარი ბიბლიოთეკა | წიგნსაცავი | 2018-12-17 | 0.48 | 53408 | 2018-12-17 | 53408 | 2018-12-17 | წიგნი | 0.48 ლ. | |||||
| ბათუმის შოთა რუსთაველის სახელმწიფო უნივერსიტეტის მთავარი ბიბლიოთეკა | ბათუმის შოთა რუსთაველის სახელმწიფო უნივერსიტეტის მთავარი ბიბლიოთეკა | წიგნსაცავი | 2018-12-17 | 0.48 | 53409 | 2018-12-17 | 53409 | 2018-12-17 | წიგნი | 0.48 ლ. | |||||
| ბათუმის შოთა რუსთაველის სახელმწიფო უნივერსიტეტის მთავარი ბიბლიოთეკა | ბათუმის შოთა რუსთაველის სახელმწიფო უნივერსიტეტის მთავარი ბიბლიოთეკა | წიგნსაცავი | 2018-12-17 | 0.48 | 53410 | 2018-12-17 | 53410 | 2018-12-17 | წიგნი | 0.48 ლ. | |||||
| ბათუმის შოთა რუსთაველის სახელმწიფო უნივერსიტეტის მთავარი ბიბლიოთეკა | ბათუმის შოთა რუსთაველის სახელმწიფო უნივერსიტეტის მთავარი ბიბლიოთეკა | წიგნსაცავი | 2018-12-17 | 0.48 | 53411 | 2018-12-17 | 53411 | 2018-12-17 | წიგნი | 0.48 ლ. | |||||
| ბათუმის შოთა რუსთაველის სახელმწიფო უნივერსიტეტის მთავარი ბიბლიოთეკა | ბათუმის შოთა რუსთაველის სახელმწიფო უნივერსიტეტის მთავარი ბიბლიოთეკა | წიგნსაცავი | 2018-12-17 | 4.00 | 53412 | 2018-12-17 | 53412 | 2018-12-17 | წიგნი | 4.00 ლ. |
